000 00926nam0a2200289 4500
001 RU\NLR\bibl\431496
005 20260406043140.0
010 _a5-17-018052-7
_bАСТ
010 _a5-9577-0184-X
_96000
_bЕрмак
021 _aRU
_b2003-41363
_91967
035 _a(NLR Aleph) 000425343
090 _a720849
_c720849
100 _a20030827d2003 |||y0rusy50 ca
101 1 _arus
_ceng
102 _aRU
105 _ay |||||||||
200 1 _aИрландская колдунья
_eРоман
_fЭми Фетцер
_g[Пер. с англ. Е.В. Погосян]
210 _aМ.
_cАСТ
_cЕрмак
_d2003
215 _a317 с.
_d21
225 1 _aОчарование
686 _aШ6(7США)67-440.4{Лх1979-50}
700 1 _4070
_8rus
_7ca
_aФетцер
_bЭ.
_gЭми
_3RU\NLR\auth\773252
_9113258
801 0 _aRU
_bNLR
_c20030827
_gPSBO
801 1 _aRU
_bNLR
_c20030827
942 _cBOOK
980 _aNB